000 00968nab a2200289 u 4500
001 16702
003 HDC
007 cr bn ---aaaaa
008 210201b20110114my ||||| |||| 00| 0engy d
040 _aHDC
100 _aHamisah Hamid,
_eauthor
_98539
245 0 _aHalal industry to woo RM2b in investments /
_cHamisah Hamid
260 _a[No place] :
_b[no publisher]
_c2011
300 _a1 online resource
336 _atext
_2rdacontent
337 _acomputer
_2rdamedia
338 _aonline resource
_2rdacarrier
650 _aFood industry and trade.
_9140
650 _aFood
_xReligious aspects
_xIslam
_9239
650 _aHalal food
_950
650 _aInvetsment
_916413
710 _aAccess My Library,
_eissung body
856 _zRequest full-text at [email protected]
942 _2lcc
942 _cNEWS
942 _kNWSO 004064
999 _c14018
_d14018